Nonlinear Granger Causality Between Grains And Livestock

Zistenie lineárnej a nelineárna grangerovej kauzality medzi tromi obilninami: kukurico, sójou a pšenicou a hospodárskymi zvieratami: hovädzím dobytkom a prasnicami

Saved in:
Bibliographic Details
Main Author: Fiszeder, Piotr
Other Authors: Orzeszko, Witold
Format: Book Chapter
Language:English
Subjects:
Tags: Add Tag
No Tags, Be the first to tag this record!

MARC

LEADER 00000naa a2200000 4500
001 0248845
005 20221104110258.5
041 0 |a eng 
044 |a CZ 
245 1 0 |a Nonlinear Granger Causality Between Grains And Livestock  |c Piotr Fiszeder, Witold Orzeszko 
520 |a Zistenie lineárnej a nelineárna grangerovej kauzality medzi tromi obilninami: kukurico, sójou a pšenicou a hospodárskymi zvieratami: hovädzím dobytkom a prasnicami 
610 2 0 |a zmluvy hospodárske dlhodobé 
610 2 0 |a poľnohospodárstvo 
610 2 0 |a zvieratá 
610 2 0 |a obilniny 
610 2 0 |a modely asymetrické 
100 1 |a Fiszeder, Piotr 
700 1 |a Orzeszko, Witold